Music Quiz

Random Music or Album Quiz

Live Album Covers of the 1980s Quiz Stats

 Plays Quiz Updated Dec 3, 2017

Score 0/34 Timer 12:00
2 Plays Today
% Correct
Bruce Springsteen & The E Street Band
95.9%
Simon and Garfunkel
94.4%
The Jacksons
93.4%
Eric Clapton
80.3%
Queen
76.9%
Barbra Streisand
76.5%
Tom Petty & The Heartbreakers
76.2%
Ozzy Osbourne
73.5%
U2
72.4%
Barry Manilow
69.7%
Richard Pryor
66.7%
Kenny G
63.9%
Carly Simon
61%
Iron Maiden
55.3%
Heart
53.2%
Talking Heads
49.9%
Stevie Ray Vaughan & Double Trouble
48.2%
% Correct
Journey
45.6%
Kenny Loggins
45.1%
Pink Floyd
42.4%
Sam Kinison
42%
Fleetwood Mac
40.2%
Yes
31.7%
The Grateful Dead
30.6%
Bob Seger & The Silver Bullet Band
30.3%
Rush
27.6%
Black Sabbath
25%
Peter Gabriel
24.5%
Dire Straits
22.9%
Genesis
22.3%
Motörhead
20.2%
Sting
19.7%
The Rolling Stones
16%
The Kinks
15.3%

You're not logged in!

Compare scores with friends on all Sporcle quizzes.
OR
Log In

You Might Also Like...

Show Comments

Extras

Top Quizzes Today


Score Distribution

Your Account Isn't Verified!

In order to create a playlist on Sporcle, you need to verify the email address you used during registration. Go to your Sporcle Settings to finish the process.

Report this User

Report this user for behavior that violates our Community Guidelines.

Details: